000
00317nam a22001457a 4500
008
230406b ||||| |||| 00| 0 eng d
020
_a
9780814473221
041
_a
eng
080
_a
33
082
_a
33JEN
100
_a
24
101
_a
BIZNES
245
_a
A STORY OF BUSINESS
_c
JENNINGS .M.M
942
_2
udc
_c
BK
999
_c
59508
_d
59508